| 000 -ლიდერი |
| ფიქსირებული სიგრძის საკონტროლო ველი |
02040nam a22002537a 4500 |
| 003 - საკონტროლო ნომრის იდენტიფიკატორი |
| საკონტროლო ველი |
Ge_BSU |
| 005 - ბოლო ოპერაციის თარიღი და დრო |
| საკონტროლო ველი |
20230601140128.0 |
| 008 - ფიქსირებული სიგრძის მონაცემთა ელემენტები - ზოგადი ინფორმაცია |
| ფიქსირებული სიგრძის საკონტროლო ველი |
230601s2008 ge ||||| |||| 00| 0 geo d |
| 020 ## - წიგნის საერთაშორისო სტანდარტული ნომერი |
| International Standard Book Number |
9789941021091 |
| 041 ## - ენის კოდი |
| Language code of text/sound track or separate title |
geo |
| 080 ## - უნივერსალური ათობითი კლასიფიკაციის ინდექსი |
| Universal Decimal Classification number |
903.6(479.22) მ-42 |
| 100 ## - მთავარი ჩანაწერი - პიროვნების სახელი |
| Personal name |
მაჩაბელი, კიტი |
| 9 (RLIN) |
8335 |
| 245 ## - ცნობა სათაურის შესახებ |
| Title |
ადრეული შუა საუკუნეების ქართული ქვაჯვარები = Early medieval georgian stone crosses / |
| Statement of responsibility, etc |
კიტი მაჩაბელი; თარგმანი ნინო მატარაძე; რედაქტორი ნინო ჭიჭინაძე; ფოტოები: გ. ბაგრატიონი, ე. გიგილაშვილი; სქემები მ. ბელიაშვილი; საქართველოს კულტურის, ძეგლთა დაცვისა და სპორტის სამინისტრო, გ. ჩუბინაშვილის სახ. ქართული ხელოვნების ისტორიისა და ძეგლთა დაცვის კვლევის ეროვნული ცენტრი. |
| 264 ## - წარმოების, გამოცემის, დისტრიბუციის და სხვა ცნობები |
| გამოცემის, წარმოების, დისტრიბუციის... ადგილი |
თბილისი: |
| გამოცემის, წარმოების, დისტრიბუციის... სახელწოდება |
(შპს "სეზანი"), |
| გამოცემის, წარმოების, დისტრიბუციის... თარიღი |
2008. |
| 300 ## - ფიზიკური აღწერა |
| Extent |
136 გვ. : |
| Other physical details |
ილ., სურ. ; |
| Dimensions |
27 სმ. |
| 500 ## - ზოგადი შენიშვნა |
| General note |
ყდა, ტექსტი ქართულ და ინგლისურ ენებზე |
| 501 ## - შენიშვნა თანმხლებ მასალაზე |
| With note |
დამატებითი თავფურცელი ინგლისურ ენაზე. |
| 653 ## - INDEX TERM--UNCONTROLLED |
| Uncontrolled term |
ქართული ქვაჯვარები. |
| 700 ## - ADDED ENTRY--PERSONAL NAME |
| Personal name |
მატარაძე, ნინო, |
| Relator term |
მთარგმნელი. |
| 9 (RLIN) |
5421 |
| 700 ## - ADDED ENTRY--PERSONAL NAME |
| Personal name |
ჭიჭინაძე, ნინო |
| Relator term |
რედაქტორი |
| 9 (RLIN) |
18390 |
| 700 ## - ADDED ENTRY--PERSONAL NAME |
| Personal name |
ბაგრატიონი, გ. |
| Relator term |
ფოტო. |
| 9 (RLIN) |
18391 |
| 700 ## - ADDED ENTRY--PERSONAL NAME |
| Personal name |
გიგილაშვილი, ე. |
| Relator term |
ფოტო. |
| 9 (RLIN) |
18392 |
| 942 ## - ADDED ENTRY ELEMENTS (KOHA) |
| Source of classification or shelving scheme |
|
| Koha item type |
წიგნი |